| 000 -LEADER |
| fixed length control field |
00614nam a22001697a 4500 |
| 020 ## - INTERNATIONAL STANDARD BOOK NUMBER |
| ISBN |
9780135227763 |
| 082 ## - DEWEY DECIMAL CLASSIFICATION NUMBER |
| Classification number |
155 |
| Item number |
B864 2020 |
| 100 ## - MAIN ENTRY--AUTHOR NAME |
| Personal name |
Broderick, Patricia C., author. |
| 245 ## - TITLE STATEMENT |
| Title |
The lifespan human development for helping professionals Patricia C. Broderick, Pamela Blewitt. |
| 250 ## - EDITION STATEMENT |
| Edition statement |
Fifth edition. |
| 260 ## - PUBLICATION, DISTRIBUTION, ETC. (IMPRINT) |
| Place of publication |
Upper Saddle River, NJ : |
| Name of publisher |
Merill/Prentice Hall, |
| Year of publication |
2020. |
| 300 ## - PHYSICAL DESCRIPTION |
| Number of Pages |
1 online resource, xi, 595 pages : |
| Other physical details |
illustrations |
| 500 ## - GENERAL NOTE |
| General note |
Includes bibliographical references and index. |
| 650 ## - SUBJECT ADDED ENTRY--TOPICAL TERM |
| Topical Term |
Developmental psychology. |
| 700 ## - ADDED ENTRY--PERSONAL NAME |
| Personal name |
Blewitt, Pamela, author. |
| 942 ## - ADDED ENTRY ELEMENTS (KOHA) |
| Koha item type |
Electronic Books |